000 01895nam0a2200421 4500
001 RU\NLR\BIBL_A\022620854
005 20260420053327.0
010 _a978-5-6047973-2-7
_9500
021 _aRU
_bКН-П-25-043969
_9КН-П-25-4277
035 _a(NLR Aleph) 022620854
090 _a13684235
_c13684235
100 _a20250912d2022 u y0rusy50 ca
101 0 _arus
102 _aRU
105 _aa z 000gy
181 0 _ai
_bxxxe
182 0 _an
200 1 _aСвет изначальный
_eсборник стихов и песен поэтов Клуба "Начало"
_fсоставители: М. Е. Ковтунова, С. А. Ворончихин
203 _aТекст
_bвизуальный
_cнепосредственный
210 _aКиров (Вятка)
_cАверс
_cРедакция литературного журнала "Ротонда"
_d2022
215 _a97 с.
_cил.
_d17
225 1 _aРотонда-клуб
_eприложение к литературному журналу "Ротонда"
_vвып. 2
327 1 _aСодерж. авт.: А. Страузов, А. Шлычков, Р. Щипан, А. Ивакин, А. Жигалин, А. Коробов, А. Тюфтеев, И. Оленев, Е. Дрогов, Р. Зянчурин, Р. Силко, И. Гильченко
333 _a16+
686 1 _aЩ319.41(2)
686 2 _aШ6(2=Р)8-999
686 2 _aШ6(2=Р)8-5
686 2 _aШ6(2=Р)8-53
702 1 _aКовтунова
_bМ. Е.
_gМарина Евгеньевна
_4220
711 0 2 _a"Начало", клуб авторской песни
_cКиров
_92680587
_3RU\NLR\AUTH\880632350
942 _cBOOK
980 _aNB